Notas de América / (Registro nro. 4516)

Detalles MARC
000 -LEADER
fixed length control field 01265nam a2200301Ia 4500
003 - CONTROL NUMBER IDENTIFIER
control field OSt
005 - DATE AND TIME OF LATEST TRANSACTION
control field 20200918180156.0
008 - FIXED-LENGTH DATA ELEMENTS--GENERAL INFORMATION
fixed length control field 191128s2012 sp a gr 000 0dspa d
020 ## - INTERNATIONAL STANDARD BOOK NUMBER
International Standard Book Number 9788498726541
040 ## - CATALOGING SOURCE
Original cataloging agency CO-JMCR
Transcribing agency CO-JMCR
041 1# - LANGUAGE CODE
Language code of text/sound track or separate title spa
Language code of original eng
082 04 - DEWEY DECIMAL CLASSIFICATION NUMBER
Classification number 917.04 /
Item number D548n
Edition number 23
100 1# - MAIN ENTRY--PERSONAL NAME
Personal name Dickens, Charles,
Relator term autor
9 (RLIN) 10553
245 10 - TITLE STATEMENT
Title Notas de América /
Statement of responsibility, etc. Charles Dickens ; traducción, Beatriz Iglesias
250 ## - EDITION STATEMENT
Edition statement 1a. edición
260 ## - PUBLICATION, DISTRIBUTION, ETC.
Place of publication, distribution, etc. Barcelona :
Name of publisher, distributor, etc. Ediciones B,
Date of publication, distribution, etc. 2012
300 ## - PHYSICAL DESCRIPTION
Extent 379 páginas :
Other physical details ilustraciones a blanco y negro ;
Dimensions 20 cm.
500 ## - GENERAL NOTE
General note "Edición conmemorativa del 200° aniversario del nacimiento del autor "--tapa
500 ## - GENERAL NOTE
General note Incluye datos biográficos del autor.
505 0# - FORMATTED CONTENTS NOTE
Formatted contents note La despedida -- El viaje de partida - Boston -- El ferrocarril norteamericano. Lowwell y el sistema fabril -- Rumbo a Nueva York: Worcester, el río Connecticut, Hartford y New Haven -- Nueva York
534 ## - ORIGINAL VERSION NOTE
Introductory phrase American notes
546 ## - LANGUAGE NOTE
Language note Traducido del inglés
600 1# - SUBJECT ADDED ENTRY--PERSONAL NAME
Personal name Dickens, Charles,
Chronological subdivision 1812-1870
9 (RLIN) 10554
650 14 - SUBJECT ADDED ENTRY--TOPICAL TERM
Topical term or geographic name entry element Viajes América del Norte
General subdivision historia
Chronological subdivision Siglo XIX
9 (RLIN) 10555
650 14 - SUBJECT ADDED ENTRY--TOPICAL TERM
Topical term or geographic name entry element América del Norte
General subdivision descripciones y viajes
9 (RLIN) 10556
700 1# - ADDED ENTRY--PERSONAL NAME
Personal name Iglesias, Beatriz,
Relator term traductora
9 (RLIN) 10557
942 ## - ADDED ENTRY ELEMENTS (KOHA)
Source of classification or shelving scheme Dewey Decimal Classification
Koha item type Books
Existencias
Withdrawn status Lost status Source of classification or shelving scheme Damaged status Not for loan Collection code Home library Current library Date acquired Source of acquisition Total Checkouts Full call number Barcode Date last seen Date last checked out Copy number Koha item type
    Dewey Decimal Classification     Non-fiction Biblioteca Pública José María del Castillo y Rada Biblioteca Pública José María del Castillo y Rada 02/25/2019 Donación 7 917.04 / D548n 201809381 09/16/2025 09/16/2025 Ej.1 Books